Astronomy and Astrophysics abstracts. (Record no. 3916)

MARC details
000 -LEADER
fixed length control field 00683nam a2200229Ia 4500
003 - CONTROL NUMBER IDENTIFIER
control field IN-BaIIA
008 - FIXED-LENGTH DATA ELEMENTS--GENERAL INFORMATION
fixed length control field 211028s9999 xx 000 0 eng d
020 ## - INTERNATIONAL STANDARD BOOK NUMBER
International Standard Book Number 3-540-05701-3
040 ## - CATALOGING SOURCE
Transcribing agency IIA Library
245 #0 - TITLE STATEMENT
Title Astronomy and Astrophysics abstracts.
Remainder of title vol. 5, pt. 1
Statement of responsibility, etc. edited by S. Bohme… [et al.]
260 ## - PUBLICATION, DISTRIBUTION, ETC.
Place of publication, distribution, etc. Berlin
Name of publisher, distributor, etc. Springer-Verlag
Date of publication, distribution, etc. 1971
300 ## - PHYSICAL DESCRIPTION
Extent x, 505p.
650 ## - SUBJECT ADDED ENTRY--TOPICAL TERM
Topical term or geographic name entry element Abstracts
9 (RLIN) 6967
650 ## - SUBJECT ADDED ENTRY--TOPICAL TERM
Topical term or geographic name entry element Astronomy
9 (RLIN) 80
650 ## - SUBJECT ADDED ENTRY--TOPICAL TERM
Topical term or geographic name entry element Astronomy and Astrophysics Thesaurus
650 ## - SUBJECT ADDED ENTRY--TOPICAL TERM
Topical term or geographic name entry element Astrophysics
9 (RLIN) 794
700 ## - ADDED ENTRY--PERSONAL NAME
Personal name Bohme, S., ed.
9 (RLIN) 6427
700 ## - ADDED ENTRY--PERSONAL NAME
Personal name Fricke, W., ed.
9 (RLIN) 6053
700 ## - ADDED ENTRY--PERSONAL NAME
Personal name Guntzel-Lingner, U., ed.
9 (RLIN) 6054
700 ## - ADDED ENTRY--PERSONAL NAME
Personal name Henn, F., ed.
9 (RLIN) 6055
942 ## - ADDED ENTRY ELEMENTS (KOHA)
Koha item type Books
Holdings
Withdrawn status Lost status Source of classification or shelving scheme Damaged status Not for loan Home library Current library Shelving location Date acquired Cost, normal purchase price Total Checkouts Full call number Barcode Date last seen Cost, replacement price Price effective from Koha item type Purchase Price
    Dewey Decimal Classification     IIA Library-Bangalore IIA Library-Bangalore General Stacks 05/05/1972 186.12   048.1:52/ AAA-5 4373 05/11/2021 186.12 05/05/1972 Books Rs. 186.12

Powered by Koha